LIBRARY & INFORMATION CENTRE, KCAET, TAVANUR

ONLINE PUBLIC ACCESS CATALOGUE (OPAC)

Essentials of Goverment (Record no. 11208)

MARC details
000 -LEADER
fixed length control field 00349cam a2200145ua 4500
003 - CONTROL NUMBER IDENTIFIER
control field OSt
008 - FIXED-LENGTH DATA ELEMENTS--GENERAL INFORMATION
fixed length control field 240326b |||||||| |||| 00| 0 eng d
041 ## - LANGUAGE CODE
Language code of text/sound track or separate title eng
082 ## - DEWEY DECIMAL CLASSIFICATION NUMBER
Classification number 320.2
Item number SCH/ES
100 ## - MAIN ENTRY--AUTHOR NAME
Personal name Schulz, , B. earlust .
245 ## - TITLE STATEMENT
Title Essentials of Goverment
260 ## - PUBLICATION, DISTRIBUTION, ETC. (IMPRINT)
Place of publication :
Name of publisher Prentice hall ,
Year of publication 1961.
300 ## - PHYSICAL DESCRIPTION
Number of Pages 532 ; .
942 ## - ADDED ENTRY ELEMENTS (KOHA)
Koha item type Books
Holdings
Withdrawn status Lost status Damaged status Home library Current library Date acquired Full call number Accession Number Koha item type
Withdrawn     KAUAET Sanskrit University 07/04/2012 320.2 SCH/ES 578 Books
free website counter